| 000 | 02828cam a2200373 i 4500 | ||
|---|---|---|---|
| 001 | 18541257 | ||
| 005 | 20221011115418.0 | ||
| 008 | 150325s2016 nyu b 001 0 eng | ||
| 010 | _a 2014048367 | ||
| 020 | _a9781138903814 (hbk) | ||
| 020 | _z9781315692708 (ebk) | ||
| 040 |
_aDLC _beng _cDLC _erda _dDLC |
||
| 042 | _apcc | ||
| 043 | _aa-cc--- | ||
| 050 | 0 | 0 |
_aJZ1734 _b.C5495 2016 |
| 082 | 0 | 0 |
_a327.51 _bCHI |
| 245 | 0 | 0 |
_aChina's international roles : _bchallenging or supporting international order? / _cedited by Sebastian Harnisch, Sebastian Bersick and Jörn-Carsten Gottwald. |
| 264 | 1 |
_aNew York, NY : _bRoutledge, _c2016. |
|
| 300 |
_axii, 263 pages ; _c24 cm. |
||
| 336 |
_atext _btxt _2rdacontent |
||
| 337 |
_aunmediated _bn _2rdamedia |
||
| 338 |
_avolume _bnc _2rdacarrier |
||
| 490 | 0 |
_aRole theory and international relations ; _v5 |
|
| 504 | _aIncludes bibliographical references and index. | ||
| 505 | 0 | _aRole theory and the study of Chinese foreign policy / Sebastian Harnisch -- Historical narrative, remembrance, and the ordering of the world : a historical assessment of China's international relations / Bart Dessein -- China's historical self and its international role / Sebastian Harnisch -- The identity and international role of China : relational grand strategy / Chih-Yu Shih, Chiung-Chiu Huang -- Philosophy, identity and role theory with "Chinese characteristics" / Chen Yudan -- The United States' and China : altercast roles and changing power in the twentieth century / Cameron G. Thies -- China's role in the transformation of international system / Chen Yugang -- China's role in international institutions : the case of global economic governance / Jörn-Carsten Gottwald -- Finding a new role in East Asian financial order : China's hesitant turn towards leadership / Mikko Huotari -- China and socialist countries : role change and role continuity / Nele Noesselt -- China and Japan : partner, rival and enemy? / Sebastian Maslow -- China's changing role in its all-weather friendship with Africa / Niall Duggan -- China and the EU : trade and national role conceptions / Sebastian Bersick -- Conclusion : China's role evolution : domestic imperatives and foreign expectations / Sebastian Harnisch, Sebastian Bersick, Jörn-Carsten Gottwald. | |
| 651 | 0 |
_aChina _xForeign relations _y1949- _999834 |
|
| 700 | 1 |
_aHarnisch, Sebastian, _eeditor of compilation. _999835 |
|
| 700 | 1 |
_aBersick, Sebastian, _d1968- _eeditor of compilation. _999836 |
|
| 700 | 1 |
_aGottwald, Jörn-Carsten, _eeditor of compilation. _999837 |
|
| 856 | 4 | 2 |
_3Book review (H-Net) _uhttp://www.h-net.org/reviews/showrev.php?id=45190 |
| 906 |
_a7 _bcbc _corignew _d1 _eecip _f20 _gy-gencatlg |
||
| 942 |
_2ddc _cBK |
||
| 999 |
_c591670 _d591670 |
||